000 00540nam a2200193Ia 4500
005 20260429112258.0
008 260429s9999||||xx |||||||||||||| ||und||
020 _a9788198942821
041 _aEnglish
082 _a509.54
_bSAX
100 _aSaxena, S.K.
245 0 _aIndian sciences and technology in 18th century /
_cS.K. Saxena
260 _aNew Delhi :
_bAtal Prakasan,
_c2026.
300 _avii, 272 p.; hb
650 _a 18th century
650 _a Technology-India-History
650 _aScience-India-History
942 _cTB
999 _c53278
_d53278